000
00327 a2200157 4500
001
160466
020
_a
040
_c
Magnum
100
_a
França, Mary
240
1
0
_a
Voce sabe guardar segredo ?
_l
por
245
1
0
_a
Voce sabe guardar segredo ?
362
0
_a
1899
440
1
_a
Ática
697
_a
I/GERAL
942
_c
BK
999
_c
160466
_d
160466